Größte Exporteure von Fahrrädern - Statistiken

Allgemein
  • Dieses Quiz wurde 108 mal gespielt
  • Das Durchschnittsergebnis liegt bei 5 aus 10
Antwortstatistiken
Exporte (in Mio. €) Land Weltmarktanteil % Korrekt
2.573 China 32,7%
95%
716 Niederlande 9,1%
76%
242 Italien 3,1%
64%
231 Belgien 2,9%
60%
123 Großbritannien 1,6%
52%
202 Polen 2,6%
49%
1.220 Taiwan 15,5%
35%
369 Portugal 4,7%
33%
158 Bulgarien 2,0%
18%
588 Kambodscha 7,5%
12%
Keine übereinstimmenden Quizze gefunden
Verteilung der Resultate
Anzahl Personen mit jedem Resultat
Perzentil nach korrekt beantworteten Fragen
Ihre Resultats-Entwicklung
Sie haben dieses Quiz noch nicht gespielt